Forensic Science International

Salvato in:
Dettagli Bibliografici
Natura: Periodico
Pubblicazione: Ireland Elsevier
Tags: Aggiungi Tag
Nessun Tag, puoi essere il primo ad aggiungerne!!

MARC

LEADER 00000nas1a2200000 4500
001 0269929
005 20250701092109.8
022 |a 1872-6283 
022 |a 0379-0738 
044 |a NL 
245 1 0 |a Forensic Science International 
264 1 |a Ireland  |b Elsevier